Jak je to s harmonizací přímých daní v EU?
Zodpovednosť za daňovú politiku zostáva v členských krajinách Európskej únie. Rozdielna harmonizácia priamych a nepriamych daní. Jednotlivé zdroje práva Európskych spoločenstiev významné pre oblasť harmonizácie priamych daní. Primárne právo: Zmluva ES a Zmluva EÚ, Ústava EÚ, princíp podriadenosti (s...
Saved in:
| Main Author: | |
|---|---|
| Format: | Book Chapter |
| Language: | Czech |
| Subjects: | |
| Tags: |
No Tags, Be the first to tag this record!
|
MARC
| LEADER | 00000naa$a2200000$$$4500 | ||
|---|---|---|---|
| 001 | 0019146 | ||
| 005 | 20230913114435.1 | ||
| 041 | 0 | |a cze | |
| 044 | |a CZ | ||
| 245 | 1 | 0 | |a Jak je to s harmonizací přímých daní v EU? |c Tomáš Balco |
| 520 | |a Zodpovednosť za daňovú politiku zostáva v členských krajinách Európskej únie. Rozdielna harmonizácia priamych a nepriamych daní. Jednotlivé zdroje práva Európskych spoločenstiev významné pre oblasť harmonizácie priamych daní. Primárne právo: Zmluva ES a Zmluva EÚ, Ústava EÚ, princíp podriadenosti (subsidiarity), základné slobody a princíp nediskriminácie. Sekundárne právo: nariadenia, smernice, rozhodnutia Európskeho súdneho dvora. Pokračovanie v budúcom čísle. | ||
| 610 | 2 | 0 | |a dane priame |
| 610 | 2 | 0 | |a harmonizácia |
| 610 | 2 | 0 | |a politika daňová |
| 610 | 2 | 0 | |a Európska únia |
| 610 | 2 | 0 | |a právo |
| 610 | 2 | 0 | |a ústava |
| 610 | 2 | 0 | |a dane nepriame |
| 100 | 1 | |a Balco, Tomáš | |